| 000 | 01700nam0a2200373 4500 | ||
|---|---|---|---|
| 001 | RU\NLR\BIBL_A\012147759 | ||
| 005 | 20250121134519.0 | ||
| 010 |
_a978-5-17-117078-3 _95000 |
||
| 021 |
_aRU _bКН-П-22-021518 _9КН-П-22-1846 |
||
| 021 |
_aRU _bКН-П-19-079151 _9КН-П-19-5738 |
||
| 035 | _a(NLR Aleph) 012147759 | ||
| 035 | _a(RuMoRGB)010129163 | ||
| 090 |
_a12131691 _c12131691 |
||
| 100 | _a20191127d2019 b y0rusy50 ca | ||
| 101 | 0 | _arus | |
| 102 | _aRU | ||
| 105 | _aa|||z|||000ay | ||
| 200 | 1 |
_aПсихология для малышей _e# Дунины сказки _eПродолжение занимательных историй _e[для дошкольного возраста] _fЛариса Суркова _g[иллюстратор А. Кузьмина] |
|
| 210 |
_aМосква _cАСТ _d2019 |
||
| 215 |
_a57, [6] с. _cцв. ил. _d22 |
||
| 225 | 1 | _aПсихология для детей | |
| 300 | _aНа 4-й с. обл. авт.: Л. Сурикова - канд. психол. наук | ||
| 606 | 1 |
_aПсихология _jИздания для детей _9931820 _3RU\NLR\AUTH\6624683 |
|
| 686 | 0 | _aШ9(2)60=Р7-2 | |
| 686 | 0 |
_aШ9 _bЮ9 |
|
| 700 | 1 |
_aСуркова _bЛ. М. _cканд. психол. наук _gЛариса Михайловна _9154158 _3RU\NLR\AUTH\770154196 |
|
| 702 | 1 |
_4440 _7ca _8rus _aКузьмина _bА. _cиллюстратор, популярная психология _gАнна _9196907 _3RU\NLR\AUTH\770196958 |
|
| 942 | _cBOOK | ||
| 980 | _aNBR | ||
| 980 | _aNB | ||